<?xml version="1.0" encoding="UTF-8"?>
<record
    xmlns:xsi="http://www.w3.org/2001/XMLSchema-instance"
    xsi:schemaLocation="http://www.loc.gov/MARC21/slim http://www.loc.gov/standards/marcxml/schema/MARC21slim.xsd"
    xmlns="http://www.loc.gov/MARC21/slim">

  <leader>01553nam a22002777i 4500</leader>
  <datafield tag="999" ind1=" " ind2=" ">
    <subfield code="c">23657</subfield>
    <subfield code="d">23657</subfield>
  </datafield>
  <controlfield tag="003">AR-CdUCM</controlfield>
  <controlfield tag="008">260429b           o|||| |||| 00| 0 spa d</controlfield>
  <datafield tag="020" ind1=" " ind2=" ">
    <subfield code="a">978-84-1357-061-7</subfield>
  </datafield>
  <datafield tag="040" ind1=" " ind2=" ">
    <subfield code="a">MUNICIPALIDAD PROVINCIAL DEL CUSCO</subfield>
    <subfield code="c">BIBLIOTECA MUNICIPAL DEL CUSCO</subfield>
  </datafield>
  <datafield tag="082" ind1=" " ind2=" ">
    <subfield code="a">641.5</subfield>
    <subfield code="b">G87</subfield>
  </datafield>
  <datafield tag="100" ind1=" " ind2=" ">
    <subfield code="a">Guerrero, Marina</subfield>
  </datafield>
  <datafield tag="245" ind1=" " ind2=" ">
    <subfield code="a">La energ&#xED;a de los alimentos :</subfield>
    <subfield code="b">78 recetas saludables / </subfield>
  </datafield>
  <datafield tag="260" ind1=" " ind2=" ">
    <subfield code="a">Madrid, Espa&#xF1;a : </subfield>
    <subfield code="b">Editorial S&#xED;ntesis</subfield>
    <subfield code="c">2021</subfield>
  </datafield>
  <datafield tag="300" ind1=" " ind2=" ">
    <subfield code="a">115 p&#xE1;ginas. : </subfield>
    <subfield code="c">14x21,5 cm.  </subfield>
  </datafield>
  <datafield tag="505" ind1=" " ind2=" ">
    <subfield code="a">Introducci&#xF3;n a la alimentaci&#xF3;n energ&#xE9;tica -- Concepto de energ&#xED;a en los alimentos -- Principios de la alimentaci&#xF3;n saludable -- Clasificaci&#xF3;n de los alimentos naturales -- Beneficios de una dieta equilibrada -- Influencia de la alimentaci&#xF3;n en la salud f&#xED;sica --Relaci&#xF3;n entre alimentaci&#xF3;n y bienestar emocional -- Alimentos energ&#xE9;ticos y sus propiedades -- Importancia de los nutrientes esenciales -- H&#xE1;bitos alimenticios saludables -- Preparaci&#xF3;n de alimentos naturales -- Recetas energ&#xE9;ticas para el desayuno -- Recetas saludables para el almuerzo -- Recetas ligeras para la cena -- Bebidas naturales y energizantes -- Consejos para una alimentaci&#xF3;n consciente</subfield>
  </datafield>
  <datafield tag="650" ind1=" " ind2=" ">
    <subfield code="a">Alimentaci&#xF3;n saludable</subfield>
    <subfield code="9">52784</subfield>
  </datafield>
  <datafield tag="650" ind1=" " ind2=" ">
    <subfield code="a">Nutrici&#xF3;n</subfield>
    <subfield code="9">2384</subfield>
  </datafield>
  <datafield tag="650" ind1=" " ind2=" ">
    <subfield code="a">Dietas saludables</subfield>
    <subfield code="9">52785</subfield>
  </datafield>
  <datafield tag="650" ind1=" " ind2=" ">
    <subfield code="a">H&#xE1;bitos alimenticios</subfield>
    <subfield code="9">52786</subfield>
  </datafield>
  <datafield tag="650" ind1=" " ind2=" ">
    <subfield code="a">Cocina saludable</subfield>
    <subfield code="9">52787</subfield>
  </datafield>
  <datafield tag="650" ind1=" " ind2=" ">
    <subfield code="a">Alimentos naturales</subfield>
    <subfield code="9">52788</subfield>
  </datafield>
  <datafield tag="856" ind1=" " ind2=" ">
    <subfield code="f">www.sintesis.com</subfield>
  </datafield>
  <datafield tag="942" ind1=" " ind2=" ">
    <subfield code="2">ddc</subfield>
    <subfield code="c">LIBROS</subfield>
  </datafield>
  <datafield tag="945" ind1=" " ind2=" ">
    <subfield code="a">esh</subfield>
    <subfield code="d">29-04-2026</subfield>
  </datafield>
  <datafield tag="952" ind1=" " ind2=" ">
    <subfield code="0">0</subfield>
    <subfield code="2">ddc</subfield>
    <subfield code="4">0</subfield>
    <subfield code="7">0</subfield>
    <subfield code="a">SC</subfield>
    <subfield code="b">SC</subfield>
    <subfield code="c">CART</subfield>
    <subfield code="d">2026-04-29</subfield>
    <subfield code="e">Donaci&#xF3;n</subfield>
    <subfield code="g">16.00</subfield>
    <subfield code="o">641.5 / G87</subfield>
    <subfield code="p">SC0000002491</subfield>
    <subfield code="r">2026-04-29</subfield>
    <subfield code="y">LIBROS</subfield>
  </datafield>
  <datafield tag="952" ind1=" " ind2=" ">
    <subfield code="0">0</subfield>
    <subfield code="2">ddc</subfield>
    <subfield code="4">0</subfield>
    <subfield code="7">0</subfield>
    <subfield code="a">SC</subfield>
    <subfield code="b">SC</subfield>
    <subfield code="c">CART</subfield>
    <subfield code="d">2026-04-29</subfield>
    <subfield code="e">Donaci&#xF3;n</subfield>
    <subfield code="g">16.00</subfield>
    <subfield code="o">641.5 / G87 / e.2</subfield>
    <subfield code="p">SC0000002493</subfield>
    <subfield code="r">2026-04-29</subfield>
    <subfield code="y">LIBROS</subfield>
  </datafield>
</record>
